Southville International School and Colleges
Your cart is empty.
  • Cart
  • Lists
    Public lists Eva Luna New books Lux_list list_1
    Your lists Log in to create your own lists
  • Log in to your account
  • Your cookies
  • Search history
Southville International School and Colleges
  • Advanced search
  • Recent comments
  • Most popular
  • Libraries

Log in to your account

Log in with GOOGLE


If you do not have an external account, but do have a local account, you can still log in:

  1. Home
  2. MARC view: William Shakespeare & the Globe /
Normal view MARC view ISBD view

William Shakespeare & the Globe / (Record no. 10441)

[ view plain ]
MARC details
000 -LEADER
fixed length control field 01732cam a2200409 a 4500
001 - CONTROL NUMBER
control field 4505185
003 - CONTROL NUMBER IDENTIFIER
control field SISC
005 - DATE AND TIME OF LATEST TRANSACTION
control field 20160302125955.0
008 - FIXED-LENGTH DATA ELEMENTS--GENERAL INFORMATION
fixed length control field 980505s1999 nyua b 000 0 eng
010 ## - LIBRARY OF CONGRESS CONTROL NUMBER
LC control number 98007903
020 ## - INTERNATIONAL STANDARD BOOK NUMBER
International Standard Book Number 0064437221
040 ## - CATALOGING SOURCE
Original cataloging agency DLC
Transcribing agency DLC
Modifying agency DLC
042 ## - AUTHENTICATION CODE
Authentication code lcac
043 ## - GEOGRAPHIC AREA CODE
Geographic area code e-uk-en
050 00 - LIBRARY OF CONGRESS CALL NUMBER
Classification number PR 2920
Item number .Al55 1999
082 00 - DEWEY DECIMAL CLASSIFICATION NUMBER
Classification number HS 792.09421
Item number A55 1999
100 0# - MAIN ENTRY--PERSONAL NAME
Personal name Aliki.
9 (RLIN) 16704
245 10 - TITLE STATEMENT
Title William Shakespeare & the Globe /
Statement of responsibility, etc written & illustrated by Aliki.
246 3# - VARYING FORM OF TITLE
Title proper/short title William Shakespeare and the Globe
250 ## - EDITION STATEMENT
Edition statement 1st ed.
260 ## - PUBLICATION, DISTRIBUTION, ETC. (IMPRINT)
Place of publication, distribution, etc New York :
Name of publisher, distributor, etc HarperCollins Publishers,
Date of publication, distribution, etc c1999.
300 ## - PHYSICAL DESCRIPTION
Extent 48 p. :
Other physical details col. ill. ;
Dimensions 30 cm.
600 10 - SUBJECT ADDED ENTRY--PERSONAL NAME
Personal name Shakespeare, William,
Dates associated with a name 1564-1616
General subdivision Stage history
Geographic subdivision England
-- London
Form subdivision Juvenile literature.
9 (RLIN) 16705
600 10 - SUBJECT ADDED ENTRY--PERSONAL NAME
Personal name Shakespeare, William,
Dates associated with a name 1564-1616
General subdivision Stage history
Chronological subdivision To 1625
Form subdivision Juvenile literature.
9 (RLIN) 16706
600 11 - SUBJECT ADDED ENTRY--PERSONAL NAME
Personal name Shakespeare, William,
Dates associated with a name 1564-1616.
9 (RLIN) 16707
610 20 - SUBJECT ADDED ENTRY--CORPORATE NAME
Corporate name or jurisdiction name as entry element Globe Theatre (London, England : 1599-1644)
Form subdivision Juvenile literature.
9 (RLIN) 16708
610 21 - SUBJECT ADDED ENTRY--CORPORATE NAME
Corporate name or jurisdiction name as entry element Globe Theatre (London, England : 1599-1644)
9 (RLIN) 16709
650 #0 - SUBJECT ADDED ENTRY--TOPICAL TERM
Topical term or geographic name as entry element Theater
Geographic subdivision England
-- London
General subdivision History
Chronological subdivision 16th century
Form subdivision Juvenile literature.
9 (RLIN) 16710
650 #0 - SUBJECT ADDED ENTRY--TOPICAL TERM
Topical term or geographic name as entry element Theaters
General subdivision Reconstruction
Geographic subdivision England
-- London
Form subdivision Juvenile literature.
9 (RLIN) 16711
650 #1 - SUBJECT ADDED ENTRY--TOPICAL TERM
Topical term or geographic name as entry element Authors, English.
9 (RLIN) 4125
650 #1 - SUBJECT ADDED ENTRY--TOPICAL TERM
Topical term or geographic name as entry element Theaters
Geographic subdivision England
-- London.
9 (RLIN) 16712
856 42 - ELECTRONIC LOCATION AND ACCESS
Materials specified Publisher description
Uniform Resource Identifier <a href="http://www.loc.gov/catdir/description/hc041/98007903.html">http://www.loc.gov/catdir/description/hc041/98007903.html</a>
906 ## - LOCAL DATA ELEMENT F, LDF (RLIN)
a 7
b cbc
c orignew
d 1
e ocip
f 19
g y-gencatlg
942 ## - ADDED ENTRY ELEMENTS (KOHA)
Source of classification or shelving scheme Library of Congress Classification
Koha item type Books
Holdings
Withdrawn status Lost status Source of classification or shelving scheme Damaged status Home library Current library Shelving location Date acquired Total Checkouts Full call number Barcode Date last seen Copy number Price effective from Koha item type
    Library of Congress Classification   Luxembourg Library Luxembourg Library High School Section 09/06/2013   PR 2920 .Al55 1999 8628 09/06/2013 1 09/06/2013 Books

William Shakespeare & the Globe /

APA

Aliki, . (1999). William Shakespeare & the Globe. New York: HarperCollins Publishers.

Chicago

Aliki, . 1999. William Shakespeare & the Globe. New York: HarperCollins Publishers.

Harvard

Aliki, . (1999). William Shakespeare & the Globe. New York: HarperCollins Publishers.

MLA

Aliki, . William Shakespeare & the Globe. New York: HarperCollins Publishers. 1999.

  • Place hold
  • Print
  • Cite
  • Add to your cart (remove)
  • Save record
    BIBTEX Dublin Core MARCXML MARC (non-Unicode/MARC-8) MARC (Unicode/UTF-8) MARC (Unicode/UTF-8, Standard) MODS (XML) RIS
  • More searches
    Search for this title in:
    Other Libraries (WorldCat) Other Databases (Google Scholar) Online Stores (Bookfinder.com) Open Library (openlibrary.org)

Exporting to Dublin Core...

SOUTHVILLE LIBRARY

Southville International School and Colleges Library

1281 Tropical Ave. Cor. Luxembourg St., BF Homes International, Las Pinas City

Tel. No. 8256374 / 252358 Loc. 117/146

Powered by Koha